Click to Translate - Dutch - Statistics

General Stats
  • This quiz has been taken 35,878 times
  • The average score is 15 of 20
Answer Stats
Hint Answer % Correct
Library Bibliotheek
95%
Mother Moeder
94%
Sun Zon
89%
Egg Ei
85%
Year Jaar
85%
Bathroom Badkamer
84%
Hat Hoed
83%
Tuesday Dinsdag
81%
Factory Fabriek
81%
Submarine Onderzeeër
80%
Raspberry Framboos
78%
Hospital Ziekenhuis
77%
Nothing Niets
75%
Cheese Kaas
72%
Nine Negen
71%
Holiday Vakantie
70%
Black Zwart
69%
Yesterday Gisteren
57%
Face Gezicht
54%
Pig Varken
51%
No matching quizzes found
Score Distribution
Percent of People with Each Score
Percentile by Number Answered
Your Score History
You have not taken this quiz